000
00379nam a22001577a 4500
003
MPLRDC
005
20220104123827.0
008
210129b ||||| |||| 00| 0 eng d
082
_a
192.1 CLFa
100
_a
陈立峰(小鲁)著
245
_a
读书、思想与作人
_c
260
_a
_b
世界文物出版社
_c
1969
300
_b
平
650
_a
942
_c
BK
_o
192.1 CLFa
999
_c
14512
_d
14502